| 000 | 00762nam a2200253 u 4500 | ||
|---|---|---|---|
| 005 | 20240831063713.0 | ||
| 008 | 080520s2007 r 000 0 eng d | ||
| 020 | _a9788421696590 | ||
| 035 | _aUPN01000156042 | ||
| 049 | _aI | ||
| 050 | 4 |
_aPZ75 _bL5.6 2007 |
|
| 100 | 1 |
_aLópez Narváez, Concha, _d1939- _930990 |
|
| 245 | 1 | 3 |
_aEl parasubidas / _cConcha López Narváez y Carmelo Salmerón. |
| 250 | _a15a ed. | ||
| 260 |
_aMadrid : _bBruño, _c2007. |
||
| 300 |
_a81 p. : _bil. col. |
||
| 440 | 0 |
_aAlta mar. _pAventuras ; _v62 |
|
| 500 | _a"A partir de 6 años" | ||
| 650 | 4 |
_aLiteratura infantil española _95892 |
|
| 650 | 4 |
_aCuentos infantiles españoles _97725 |
|
| 700 | 1 |
_aSalmerón, Carmelo, _ecoaut. |
|
| 905 | _aInfantil | ||
| 999 |
_c128156 _d128156 |
||